[Event "Bratto op-B 33rd"]
[Site "Bratto"]
[Date "2013.08.25"]
[Round "8"]
[White "Guerini, Silvia"]
[Black "Vlug, Andre"]
[Result "1-0"]
[WhiteElo "1773"]
[BlackElo "1847"]
[PlyCount "42"]
[EventDate "2013.08.18"]
[EventType "swiss"]
[EventRounds "8"]
[EventCountry "ITA"]
[SourceTitle "EXT 2015"]
[Source "ChessBase"]
[SourceDate "2014.11.20"]
[SourceVersion "1"]
[SourceVersionDate "2014.11.20"]
[SourceQuality "1"]

1. e4 e5 2. Nf3 Nc6 3. Bc4 Nf6 4. d3 h6 5. c3 a6 6. Bb3 d5 7. exd5 Nxd5 8. Qe2 Bg4 9. d4 f6 10. Qe4 Bxf3 11. Qg6+ Ke7 12. gxf3 Qd6 13. Qe4 Rd8 14. Na3 b5 15. Bd2 Na5 16. Bc2 Kd7 17. Qg4+ Kc6 18. 0-0-0 h5 19. Qe4 Kb6 20. Be3 Nxe3 21. Qxe3 Qe6 1-0

[Event "Bratto op-B 33rd"]
[Site "Bratto"]
[Date "2013.08.23"]
[Round "6"]
[White "Guerini, Sara"]
[Black "Vlug, Andre"]
[Result "0-1"]
[WhiteElo "1723"]
[BlackElo "1847"]
[PlyCount "78"]
[EventDate "2013.08.18"]
[EventType "swiss"]
[EventRounds "8"]
[EventCountry "ITA"]
[SourceTitle "EXT 2015"]
[Source "ChessBase"]
[SourceDate "2014.11.20"]
[SourceVersion "1"]
[SourceVersionDate "2014.11.20"]
[SourceQuality "1"]

1. e4 e5 2. Nc3 Nf6 3. g3 d5 4. Bg2 d4 5. Nce2 d3 6. Nc3 Bc5 7. Na4 Bxf2+ 8. Kxf2 Qd4+ 9. Ke1 Bg4 10. Nf3 Qxe4+ 11. Kf2 Qxa4 12. cxd3 Qxd1 13. Rxd1 Nbd7 14. Re1 Bxf3 15. Bxf3 0-0-0 16. Re3 Nc5 17. Ke2 Rhe8 18. Be4 Ncxe4 19. dxe4 Rd4 20. d3 c5 21. b3 Rd7 22. h3 h5 23. Bb2 Nh7 24. Rc1 b6 25. b4 Rc7 26. Ba3 cxb4 27. Rxc7+ Kxc7 28. Bxb4 Ng5 29. g4 Ne6 30. Bc3 f6 31. Rg3 hxg4 32. hxg4 Rh8 33. Kf3 Rh2 34. g5 Rc2 35. Be1 Rxa2 36. gxf6 gxf6 37. Rg1 Ra3 38. Ke3 Kd7 39. Bd2 Nc5 0-1

[Event "Bratto op-B 33rd"]
[Site "Bratto"]
[Date "2013.08.19"]
[Round "2"]
[White "Cristiani, Gianfranco"]
[Black "Vlug, Andre"]
[Result "1-0"]
[WhiteElo "1790"]
[BlackElo "1847"]
[PlyCount "41"]
[EventDate "2013.08.18"]
[EventType "swiss"]
[EventRounds "8"]
[EventCountry "ITA"]
[SourceTitle "EXT 2015"]
[Source "ChessBase"]
[SourceDate "2014.11.20"]
[SourceVersion "1"]
[SourceVersionDate "2014.11.20"]
[SourceQuality "1"]

1. b3 e5 2. Bb2 Nc6 3. g3 d6 4. Bg2 Bd7 5. c4 g6 6. Nc3 Bg7 7. Nf3 Nge7 8. 0-0 Nf5 9. e3 h5 10. h3 Nce7 11. e4 Nh6 12. Qc2 Qc8 13. Nd5 c6 14. Nxe7 Kxe7 15. d4 f6 16. dxe5 fxe5 17. c5 Bxh3 18. cxd6+ Kxd6 19. Rad1+ Ke7 20. Qc5+ Kf7 21. Ng5+ 1-0